000
00234nam a22000857a 4500
008
161116b xxu||||| |||| 00| 0 eng d
100
_9
1267
_a
Murthi. R. K
245
_a
The great ballon story
260
_a
New delhi
_b
Nartional book trust
_c
2005
999
_c
3970
_d
3970